| 000 | 00350nam a22001337a 4500 | ||
|---|---|---|---|
| 020 | _a8123912250 | ||
| 082 |
_a624.1834 _bKRI/AD |
||
| 100 |
_aKrishna Raju,N _9622 |
||
| 245 | _aAdvanced Reinforced Concrete Design(IS : 456-2000) | ||
| 250 | _a2 nd | ||
| 260 |
_aNew Delhi _bCBS Publishers & Distributors Pvt. Ltd _c2012 |
||
| 300 | _a353 | ||
| 942 | _cBK | ||
| 999 |
_c14385 _d14385 |
||